Strategies for teaching young children

Bibliographic Details
Other Authors: Schickedanz, Judith A
Format: Book
Published: Boston : Allyn and Bacon , 1990
Edition:3rd ed
Subjects:

MARC

LEADER 00000cam a2200000 7i4500
001 0000004579
002 000004938
005 20000330.0
020 |a 0138505616 
090 0 0 |a 372.13   |b STR 
245 1 0 |a Strategies for teaching young children   |c Judith A. Schickedanz...[et al.] 
250 |a 3rd ed 
260 |a Boston :   |b Allyn and Bacon ,   |c 1990 
300 |a 384p. :   |b ill. ;   |c 23cm. 
650 0 0 |a Early childhood education   |z United States   |x Curricula 
700 1 |a Schickedanz, Judith A 
999 |a 034673   |b BUKU   |c PINJAMAN   |e PERPUSTAKAAN KOMUNITI PETALING JAYA